000 01238nam a2200265 a 4500
001 BRCA_8811
005 20190320210424.0
008 240417s1777----sp-#######---#000-0#spa-#
041 _alatspa
044 _asp
084 _aBE192
_b.V57 1777
100 1 _aVirgilio Marón
_d70- 19 a.C.
_921953
245 1 0 _aContinuación de la Eneida de Publio Virgilio Maron
_ctraducida por el Doctor Gregorio Hernández de Velazco; El suplemento de la Eneida de Mafeo Veggio; Poesía sobre el testamento de Virgilio; La letra de Pithagoras; Todas las dichas Obras con las traducciones del Doctor Gregorio Hernández de Velazco; Declaración del mismo, que sirven de índice: i los catalectos de Virgilio.
260 _aEn Valencia
_bEn la Oficina de Joseph I Thomas de Orga
_c1777
300 _a672 p.
_c18.1 x 11 cm
500 _aCon las licencias necesarias
500 _aEstado físico: presenta encuadernación en pergamino con cintas rotas y presencia del pez de plata
546 _aTexto en: latín y español
650 1 4 _aPoesía latina
_921954
700 1 _aHernández de Velazco, Gregorio
_etr.
_921955
700 1 _aOrga, Thomas de
_eImpresor
_921956
700 1 _aOrga, José de
_eImpresor
_921957
902 _aCFM
942 _2lcc
_cB
999 _c8462
_d8462